00529nam a2200169Ia 4500008004100000041000800041082001600049100002000065245007500085250001200160260003700172300000900209500005200218500003100270650002400301700003400325230125s9999 xx 000 0 und d aeng a004.21bPAR aParthasarathy S aSystem Analysis Design And Introduction To Software EngineeringbSADSE a5th Ed. c1999bMaster publicationaNashik a432p aSystem analysis and design,Software engineering aSystem analysis and design aComputer Management aParthasarathy S & Khalkar B W